000 00362nam a2200145Ia 4500
008 230917s9999||||xx |||||||||||||| ||und||
040 _e36577
_aMAIN
041 _aEnglish
082 _a954.01 D569C
100 _aDikshit, R K
245 0 _aCandellas of Jejkabhukti
260 _aNew Delhi
_bAbhinav Publications
_c1977
300 _axvi, 247 p.
942 _cBK
999 _c200040
_d200040